Xây dựng cầu bê tông cốt thép bằng công nghệ đà giáo di động

Gardado en:
Detalles Bibliográficos
Autor Principal: Đặng Gia Nải
Formato: Libro
Idioma:Vietnamese
Publicado: Giao Thông Vận tải 2006
Những chủ đề:
Các nhãn: Engadir etiqueta
Sen Etiquetas, Sexa o primeiro en etiquetar este rexistro!
Thư viện lưu trữ: Mạng thư viện Đại học Đà Nẵng
LEADER 01112nam a2200313 a 4500
001 000003099
003 03548
005 20171229145311.0
008 171229s2006 vie
040 |a LSK 
041 0 |a VIE 
082 0 |a 624.25  |b ĐĂ-N 
100 1 |a Đặng Gia Nải 
245 0 0 |a Xây dựng cầu bê tông cốt thép bằng công nghệ đà giáo di động 
260 |b Giao Thông Vận tải  |c 2006 
300 |a 191 pages  |c 24 cm. 
653 |a Cầu bê tông cốt thép - Công nghệ xây dựng.Cầu bê tông cốt thép - Công nghệ đà giáo di dộng 
852 |a Phòng Đọc 
901 |a 1 
927 |a Sách tham khảo 
OWN |a LSK 
AVA |a UDN50  |b LSK  |d 624.25 ĐĂ-N  |e available  |t Error 5001 Not defined in file expand_doc_bib_avail.  |f 1  |g 0  |h N  |i 0  |k 1 
999 |a From the UDN01 
AVA |a UDN50  |b LSK  |d 624.25 ĐĂ-N  |e available  |t Error 5001 Not defined in file expand_doc_bib_avail.  |f 1  |g 0  |h N  |i 0  |k 1 
TYP |a Monograph 
TYP |a Printed language 
980 |a Mạng thư viện Đại học Đà Nẵng